| 000 | 00540nam a2200181 i 4500 | ||
|---|---|---|---|
| 001 | 179360 | ||
| 003 | ES-MaACL | ||
| 005 | 20240120062957.0 | ||
| 008 | 111109s2009 sp |||| |dspa d | ||
| 080 | _a821.134.2-14"19" | ||
| 100 | 1 |
_aRuiz de Torres, Juan, _d1931-2014 _9155342 |
|
| 245 | 1 | 3 |
_aLa evolución de un poeta / _cJuan Ruiz de Torres. |
| 260 |
_a[Madrid] : _bJ. Ruiz, _c[2009] |
||
| 300 |
_a22 p. ; _c21 cm. |
||
| 594 | _aTítulo tomado de la cubierta. | ||
| 852 |
_aES-MaACL _j2306-F-20 |
||
| 999 |
_c179360 _d179360 |
||